000 00238nam a22000977a 4500
003 OSt
008 200923b ||||| |||| 00| 0 eng d
100 _aJain, S. C
_94639
245 _aEngineering patterns of rural leadership area
942 _cBK
999 _c16358
_d16358